|
|
|
|
| LEADER |
00000naa2a2200000 4500 |
| 001 |
575236 |
| 005 |
20231101130052.0 |
| 035 |
|
|
|a (RuTPU)RU\TPU\prd\274006
|
| 035 |
|
|
|a RU\TPU\prd\126985
|
| 090 |
|
|
|a 575236
|
| 100 |
|
|
|a 20170922a2009 k y0rusy50 ca
|
| 101 |
0 |
|
|a rus
|
| 102 |
|
|
|a RU
|
| 200 |
1 |
|
|a Особенности процессов изнашивания керамических и керамико-металлических композитов в условиях высокоскоростного сухого скольжения по стали
|f С. Н. Кульков, Н. Л. Савченко, С. Ф. Гнюсов
|
| 320 |
|
|
|a Библиогр.: с. 45 (9 назв.)
|
| 330 |
|
|
|a Изучены процессы износа керамики на основе диоксида циркония и керамико-металлического композита на основе карбида вольфрама при высокоскоростном скольжении по стали смазывающих добавок. Испытания проводили по схеме палец-диск до скоростей скольжения 47 м/с. Показано, что в процессе испытаний на поверхности керамического и керамико-металлического материалов возникают трибослои сложного состава, которые являются причиной немонотонного изменения процессов износа трения. На первой стадии при увеличении скорости скольжения наблюдается смена типа износа от нормального до катастрофического с высокой интенсивностью. На второй стадии для металломатрического композита отмечен установившийся износ, а для керамического материала интенсивность изнашивания уменьшается практически до начальных величин, характерных для малых скоростей скольжения. В этой области скоростей наблюдается практически "безизноное" трение керамики.
|
| 461 |
|
1 |
|0 (RuTPU)RU\TPU\prd\297
|x 0032-4795
|t Порошковая металлургия
|o международный научно-технический журнал
|f Национальная академия наук Украины (НАН), Институт проблем материаловедения им И. Н. Францевича (ИПМ)
|d 1969-
|
| 463 |
|
1 |
|0 (RuTPU)RU\TPU\prd\108287
|t № 1-2
|v С. 36-45
|d 2009
|
| 610 |
1 |
|
|a труды учёных ТПУ
|
| 610 |
1 |
|
|a керамика
|
| 610 |
1 |
|
|a процессы износа
|
| 610 |
1 |
|
|a скорости скольжения
|
| 610 |
1 |
|
|a керамико-металлическме материалы
|
| 700 |
|
1 |
|a Кульков
|b С. Н.
|c специалист в области материаловедения
|c профессор Томского политехнического университета, доктор физико-математических наук
|f 1952-
|g Сергей Николаевич
|2 stltpush
|3 (RuTPU)RU\TPU\pers\28994
|
| 701 |
|
1 |
|a Савченко
|b Н. Л.
|c специалист в области материаловедения
|c инженер Томского политехнического университета, кандидат технических наук
|g Николай Леонидович
|2 stltpush
|3 (RuTPU)RU\TPU\pers\35459
|
| 701 |
|
1 |
|a Гнюсов
|b С. Ф.
|c специалист в области машиностроения
|c профессор Томского политехнического университета, доктор технических наук
|f 1960-
|g Сергей Фёдорович
|2 stltpush
|3 (RuTPU)RU\TPU\pers\26508
|
| 801 |
|
1 |
|a RU
|b 63413507
|c 20111205
|
| 801 |
|
2 |
|a RU
|b 63413507
|c 20170922
|g RCR
|
| 942 |
|
|
|c BK
|